| 000 | 00621nam a22002175a 4500 | ||
|---|---|---|---|
| 005 | 20160314135241.0 | ||
| 008 | 160314s2009 ii ak fr 000 0 eng d | ||
| 020 | _a8187815485 | ||
| 040 |
_aEG-ScBUE _beng _cEG-ScBUE |
||
| 082 | 0 | 4 |
_a616.96 _bYAD _222 |
| 100 | 1 |
_aYadav, P. R. _939544 |
|
| 245 | 1 | 2 |
_aA textbook of parasitology / _cP. R. Yadav. |
| 246 | 3 | 0 | _aParasitology |
| 250 | _a1st ed. | ||
| 260 |
_aNew Delhi : _bCampus Book International, _c2009. |
||
| 300 |
_axi, 384 p. : _bforms, tables ; _c22 cm. |
||
| 650 | 7 |
_aParasitology. _2BUEsh _939545 |
|
| 651 | _2BUEsh | ||
| 653 |
_bPPhrm _cMarch2016 |
||
| 942 | _2ddc | ||
| 999 |
_c21403 _d21375 |
||